NBA Players by Picture - Canada - Statistics

General Stats
  • This quiz has been taken 75 times
    39 since last reset
  • The average score is 22 of 69
Answer Stats
Picture Answer % Correct
Dillon Brooks
91%
Shai Gilgeous-Alexander
91%
Andrew Nembhard
88%
Andrew Wiggins
88%
Luguentz Dort
88%
Steve Nash
88%
Jamal Murray
85%
Zach Edey
85%
Ryan Nembhard
82%
Bennedict Mathurin
76%
Nickeil Alexander-Walker
76%
R.J. Barrett
73%
Shaedon Sharpe
73%
Chris Boucher
70%
Dwight Powell
70%
Tristan Thompson
70%
Kelly Olynyk
67%
Brandon Clarke
61%
Anthony Bennett
58%
Kyle Alexander
52%
Kyshawn George
42%
Dalano Banton
36%
Joshua Primo
36%
Sim Bhullar
33%
Trey Lyles
30%
Cory Joseph
27%
Emanuel Miller
27%
Kris Joseph
27%
Leonard Miller
27%
Khem Birch
24%
Will Riley
24%
Oshae Brissett
21%
A.J. Lawson
18%
Caleb Houstan
18%
Joel Anthony
18%
Nik Stauskas
18%
Olivier-Maxence Prosper
18%
Rick Fox
18%
Robert Sacre
15%
Bill Wennington
12%
Tyler Ennis
12%
Andrew Nicholson
9%
Andy Rautins
9%
Jamaal Magloire
9%
Leo Rautins
9%
Lindell Wigginton
9%
Mfiondu Kabengele
9%
Samuel Dalembert
9%
Ernie Vandeweghe
6%
Eugene Omoruyi
6%
Jahmyl Telfort
6%
Mychal Mulder
6%
Bob Houbregs
3%
Gino Sovran
3%
Jackson Rowe
3%
Jackson Rowe
3%
Jim Zoet
3%
Karim Mané
3%
Kevin Pangos
3%
Kyle Wiltjer
3%
Lars Hansen
3%
Mike Smrek
3%
Nate Darling
3%
Norm Baker
3%
Ron Crevier
3%
Stewart Granger
3%
Todd MacCulloch
3%
Xavier Rathan-Mayes
3%
Hank Biasatti
0%
No matching quizzes found
Score Distribution
Percent of People with Each Score
Percentile by Number Answered
Your Score History
You have not taken this quiz since the last reset